01013cam a22002771 45000010005000000030008000050050017000130080041000300350018000710400063000890410008001520820024001601000033001842450062002172600042002793000035003214900036003565040050003926500021004426500018004637000043004818300044005249420012005689990015005809520140005958817BD-RjUL20211208234646.014 t1952 enka b 001 0 eng c a(BD-RjUL)8862 aWashington Univ., Seattle. LibrarycDLCdDLCdBD-RjULbeng aeng04216a536.2bGRT 19521 aGrew, Kenneth Edmond.92740610aThermal diffusion in gases /cby K.E. Grew and T.L. Ibbs. aCambridge :bUniversity Press,c1952. axi, 143 p. :billus. ;c22 cm.1 aCambridge monographs on physics aIncludes Bibliographical reference and index. 0aDiffusion.96937 0aGases.9274071 aIbbs, Thomas L.,ejoint author.927408 0aCambridge monographs on physics.927776 2ddccBK c8817d8817 00102ddc40708NFICaRUCLbRUCLcreadingd1961-03-10eColombo Plan by UKl0o536.2 GRT 1952r2014-01-19 00:00:00tC-1w2021-12-08yBK